| 000 | 00492nam a22001577a 4500 | ||
|---|---|---|---|
| 999 |
_c9238 _d9238 |
||
| 008 | 210330b ||||| |||| 00| 0 eng d | ||
| 040 | _aBMS College of Architecture | ||
| 100 | _aA, V, Gayathri | ||
| 245 | _aCall centre park at Intermediate ring road Bangalore | ||
| 300 | _a50p. | ||
| 500 | _a1BM01AT008 | ||
| 502 |
_8B.Arch _NBMS College of Architecture, Visvesvaraya Technological University _aProject report _d2005 |
||
| 650 | _aPark | ||
| 700 |
_aSatish Rao _eGuide |
||
| 942 |
_2ddc _cTHE |
||